00467 2200169 4500001002100000005001500021008004100036020001800077035001900095041000700114082001000121090001600131245006500147260004200212300003200254650001100286INLIS00000000000269320241224112602241224||||||||| | ||| |||| || |  a979-461-179-4 0010-1224002693 aid0 a895.7 a895.7 PUI p00aPuisi buat Rakyat Indonesia; Kumpulan Puisi 25 Penyair Korea aJakartabYayasan Obor Indonesiac2007 axxii+228 hlm;13.5 x 22.5 cm 0aSastra